| 000 | 00435 a2200133 4500 | ||
|---|---|---|---|
| 001 | ART_46108 | ||
| 005 | 20260410161731.0 | ||
| 008 | 260409a | ||
| 245 | 1 | 0 | _aEstudio de caso de responsabilidad social empresaria |
| 100 | 1 | _aOrtiz, Raúl | |
| 700 | 1 | _aDella Valentina, Florencia | |
| 700 | 1 | _aMorichetti, Martín | |
| 773 | 0 |
_tEscritos contables y de administración _g- Vol. 3, Nº 1 (ene./jun. 2012) _wREV2758 |
|
| 999 |
_c17860 _d17860 |
||